ბათუმის შოთა რუსთაველის სახელმწიფო უნივერსიტეტის ბიბლიოთეკა

ბათუმი გუშინ, დღეს და ხვალ / (ბიბ.ჩანაწერი № 61983)

000 -ლიდერი
ფიქსირებული სიგრძის საკონტროლო ველი 00800nam a22001937a 4500
003 - საკონტროლო ნომრის იდენტიფიკატორი
საკონტროლო ველი Ge_BSU
005 - ბოლო ოპერაციის თარიღი და დრო
საკონტროლო ველი 20240619094853.0
008 - ფიქსირებული სიგრძის მონაცემთა ელემენტები - ზოგადი ინფორმაცია
ფიქსირებული სიგრძის საკონტროლო ველი 240619s1977 ge ||||| |||| 00| 0 geo d
041 ## - ენის კოდი
Language code of text/sound track or separate title geo
080 ## - უნივერსალური ათობითი კლასიფიკაციის ინდექსი
Universal Decimal Classification number 908(479.223-25) კ-71
100 ## - მთავარი ჩანაწერი - პიროვნების სახელი
Personal name კომახიძე, დავით
9 (RLIN) 16548
245 ## - ცნობა სათაურის შესახებ
Title ბათუმი გუშინ, დღეს და ხვალ /
Statement of responsibility, etc დავით კომახიძე.
264 ## - წარმოების, გამოცემის, დისტრიბუციის და სხვა ცნობები
გამოცემის, წარმოების, დისტრიბუციის... ადგილი ბათუმი :
გამოცემის, წარმოების, დისტრიბუციის... სახელწოდება საბჭ. აჭარა,
გამოცემის, წარმოების, დისტრიბუციის... თარიღი 1977.
300 ## - ფიზიკური აღწერა
Extent 119გვ. :
Other physical details 12 ფ. ილ. ;
Dimensions 16სმ.
500 ## - ზოგადი შენიშვნა
General note პარალ სათ. ინგ. და რუს. ენაზე
653 ## - INDEX TERM--UNCONTROLLED
Uncontrolled term კომუნისტური მშენებლობა აჭარაში.
653 ## - INDEX TERM--UNCONTROLLED
Uncontrolled term ბათუმი
942 ## - ADDED ENTRY ELEMENTS (KOHA)
Source of classification or shelving scheme
Koha item type წიგნი
ეგზემპლარები
ჩამოწერის სტატუსი დაკარგული ეგზემპლარის სტატუსი კლასიფიკაციის წყარო ან თაროზე გაწყობის სქემა დაზიანების სტატუსი არ გაიცემა მუდმივი მდებარეობა (დაცვის ადგილი) ამჟამინდელი ადგილსამყოფელი თაროზე განთავსების ადგილი შეძენის თარიღი ღირებულება, შესყიდვის ნორმალური ფასი სრული შენახვის შიფრი შტრიხკოდი ბოლო ოპერაციის თარიღი ეგზემპლარის მიმდევრობითი ნომერი (კეტერი?) ფასის ძალაში შესვლის თარიღი ეგზემპლარის სახეობა საჯარო შენიშვნა
          ბათუმის შოთა რუსთაველის სახელმწიფო უნივერსიტეტის მთავარი ბიბლიოთეკა ბათუმის შოთა რუსთაველის სახელმწიფო უნივერსიტეტის მთავარი ბიბლიოთეკა წიგნსაცავი 2024-06-19 2.00 908(479.223-25) კ-71 68257 2024-06-19 68257 2024-06-19 წიგნი 2 ლ.
          ბათუმის შოთა რუსთაველის სახელმწიფო უნივერსიტეტის მთავარი ბიბლიოთეკა ბათუმის შოთა რუსთაველის სახელმწიფო უნივერსიტეტის მთავარი ბიბლიოთეკა წიგნსაცავი 2024-06-19 2.00 908(479.223-25) კ-71 68250 2024-06-19 68250 2024-06-19 წიგნი 2 ლ.
          ბათუმის შოთა რუსთაველის სახელმწიფო უნივერსიტეტის მთავარი ბიბლიოთეკა ბათუმის შოთა რუსთაველის სახელმწიფო უნივერსიტეტის მთავარი ბიბლიოთეკა წიგნსაცავი 2024-06-19 5.00 908(479.223-25) კ-71 63374 2024-06-19 63374 2024-06-19 წიგნი 5 ლ.